Baby Names: Boys (1940s) Quiz Stats

 Plays Quiz Updated Oct 1, 2018

Challenge
Share
Tweet
Embed
Score 0/100 Timer 10:00
5 Plays Today
Rank Name % Correct
3John
95.3%
1James
88%
4William
86.9%
9Michael
84.7%
2Robert
84.5%
6David
80.9%
15George
80.6%
8Thomas
79.7%
17Paul
79%
5Richard
77.1%
41Peter
76%
21Frank
75%
54Mark
74.1%
7Charles
71.4%
13Joseph
70.5%
22Daniel
69.8%
79Steve
69.5%
52Harry
69.1%
75Bill
69%
18Edward
68.6%
35Jack
68.4%
87Andrew
68.1%
25Stephen
66.5%
84Jim
66%
37Henry
65.6%
93Tom
64.9%
29Steven
64%
51Fred
62.8%
40Joe
62.3%
65Samuel
61%
80Don
59.4%
63Timothy
59.4%
12Donald
58.2%
28Harold
57.9%
Rank Name % Correct
10Ronald
57.8%
45Anthony
54%
11Larry
53.1%
46Jimmy
52.3%
36Carl
51.6%
86Mike
51.1%
58Patrick
50.9%
48Bobby
50.6%
64Gregory
50.2%
42Billy
49.7%
47Albert
48.7%
16Kenneth
47.7%
31Lawrence
46.6%
14Gary
46.6%
70Francis
46.4%
55Alan
46.2%
27Walter
45.8%
73Frederick
45.8%
19Jerry
44.7%
98Theodore
44.7%
77Phillip
44.3%
26Gerald
44.1%
91Martin
44.1%
76Tommy
43%
34Arthur
42.9%
50Johnny
42.4%
88Jeffrey
42.2%
57Philip
42.2%
56Louis
42%
74Allen
41.8%
94Ray
41.5%
23Raymond
38.5%
62Leonard
38.3%
85Eddie
37.9%
Rank Name % Correct
100Keith
37.7%
60Danny
37.2%
20Dennis
36.8%
53Howard
36.7%
24Roger
35%
90Alfred
34.2%
30Douglas
33.7%
61Stanley
33%
82Barry
32.2%
38Willie
32.1%
39Bruce
31.7%
95Herbert
31.7%
32Terry
31.4%
33Wayne
31%
44Ralph
30.2%
43Roy
30%
67Norman
29.2%
92Lee
27.9%
78Marvin
27.8%
49Eugene
27.5%
72Earl
26.3%
97Bernard
25.8%
68Ernest
25.6%
69Russell
24.4%
71Melvin
24.2%
66Ronnie
24%
96Gene
23.5%
83Glenn
23.1%
81Clarence
21.7%
99Curtis
20.5%
89Leroy
19.2%
59Dale
19.2%

You're not logged in!

Compare scores with friends on all Sporcle quizzes.
OR
Log In

You Might Also Like...

Show Comments

Extras

Top Quizzes Today


Score Distribution

Your Account Isn't Verified!

In order to create a playlist on Sporcle, you need to verify the email address you used during registration. Go to your Sporcle Settings to finish the process.

Report this User

Report this user for behavior that violates our Community Guidelines.

Details: